00342nam a2200121Ia 4500008004100000041000800041082001700049100001500066245004500081260005400126300003100180365000900211240624s9999 xx 000 0 und d aeng a658.4092 AUS aAUSTIN JAN aWHAT NO ONE EVER TELLS YOU ABOUT LEADING c2006aUnited States of AmericabKaplan Publishing axvi, : 247 : p. : cm. ; 23 cb26